[Event "EICC 2017"]
[Site "Minsk"]
[Date "2017.06.08"]
[Round "9"]
[White "Navara, David"]
[Black "Ivanisevic, Ivan"]
[Result "1-0"]
[WhiteElo "2739"]
[BlackElo "2638"]
[Annotator "TA"]
[PlyCount "105"]
[EventDate "2017.??.??"]
[EventCountry "BLR"]
[SourceTitle "playchess.com"]
[Source "ChessBase"]
[SourceQuality "1"]

{[%evp 22,105,25,27,33,31,38,27,43,50,47,37,62,56,64,24,33,0,0,0,0,0,0,0,6,6,6,6,6,3,4,0,0,0,39,36,97,88,80,16,15,0,0,0,0,0,0,0,0,0,7,0,0,0,0,0,0,0,18,20,69,69,60,72,59,69,66,61,72,83,70,64,120,0,5,8,1212,1088,1150,954,12833,10322,12843,12843,29988,29989]} 1. d4 Nf6 2. c4 e6 3. Nc3 Bb4 4. e3 O-O 5. Bd3 d5 6. Nf3 Nc6 7. O-O dxc4 8. Bxc4 Bd6 9. Bb5 e5 10. Bxc6 exd4 11. exd4 bxc6 12. Bg5 {LiveBook: 6 Games. E51: Nimzo-Indian: Rubinstein: 4...0-0 5 Nf3 d5} h6 13. Bh4 Re8 14. Re1 {White is slightly better.} (14. Qc2 g5 15. Bg3 Bxg3 16. fxg3 g4 17. Nh4 Qxd4+ 18. Kh1 Be6 19. Rf4 Qe5 {0-1 (53) Babula,V (2553)-Blatny,P (2418) Ostrava 2014}) 14... Rxe1+ 15. Qxe1 g5 $146 ({Predecessor:} 15... Bf5 16. Ne5 c5 17. Qe3 Qe7 18. Qf3 {1-0 (18) Svensson,U-Larsson,E Sweden 1976}) 16. Bg3 Bf5 17. Ne5 Qe8 18. Rc1 Nh5 19. Na4 Qe6 20. b3 Re8 21. Qc3 ({Don't go for} 21. Rxc6 $2 f6 $19) 21... Qd5 22. Qxc6 Qxc6 23. Nxc6 {White wants to play Bxd6.} Nf4 24. Bxf4 Bxf4 25. Ra1 Bd7 $1 {[%cal Rd7c6]} 26. Nb4 (26. Nxa7 $2 Ra8 $17) 26... Bxa4 27. bxa4 $11 {[%mdl 4096] Endgame KRB-KRN} Bd6 28. Nc6 f5 {[#]} ({Better is} 28... Re6 $14) 29. Kf1 $1 $16 Kf7 30. Rb1 (30. a5 $16) 30... a6 $11 31. a5 Re4 32. Rb8 Ke6 33. Ra8 Kd5 34. Rxa6 g4 35. g3 (35. h3 {is more complex.} h5 36. hxg4 hxg4 37. g3 f4 38. gxf4 Rxf4 39. Kg2) 35... h5 36. a3 (36. Na7 $5 {[%cal Ra7b5]}) 36... f4 {next ...f3 is good for Black.} 37. gxf4 Rxf4 38. Nb4+ Kc4 39. Ra8 {And now a6 would win.} Rf3 40. Nc2 Kb5 41. a6 Rc3 $1 {[%cal Rc3c2]} 42. a4+ Ka5 43. Ne3 Bxh2 44. Ke2 Bd6 45. Kd2 Rc6 46. Kd3 {aiming for d5.} Kxa4 47. d5 (47. a7 $16 Ra6 48. Ke4) 47... Rb6 48. Nc4 Rb5 $2 {[%mdl 8192] [#]} (48... Rb3+ $11 49. Kd4 Rf3) 49. Rc8 $1 $18 {a7 is the strong threat.} Bc5 50. d6 {[%cal Bd5d6,Bd6c7][%mdl 32]} Bxf2 51. dxc7 g3 52. Rg8 Rc5 53. a7 {Precision: White = 68%, Black = 60%.} 1-0

[Event "EICC 2017"]
[Site "Minsk"]
[Date "2017.06.08"]
[Round "9"]
[White "Andreikin, Dmitry"]
[Black "Maze, Sebastien"]
[Result "1/2-1/2"]
[WhiteElo "2723"]
[BlackElo "2619"]
[Annotator "TA"]
[PlyCount "59"]
[EventDate "2017.??.??"]
[EventCountry "BLR"]
[SourceTitle "playchess.com"]
[Source "ChessBase"]
[SourceQuality "1"]

{[%evp 21,59,44,66,62,64,59,52,54,54,52,56,43,43,36,40,8,40,12,42,0,45,38,38,6,16,0,38,0,13,13,16,0,0,0,9,-35,0,-46,-45,-49]} 1. d4 Nf6 2. c4 g6 3. Nc3 Bg7 4. e4 d6 5. h3 O-O 6. Be3 c5 7. Nf3 cxd4 8. Nxd4 b6 {E90: King's Indian: Classical: Early deviations and 6 h3} (8... Nc6 9. Be2 Nxd4 10. Bxd4 Bd7 11. O-O a5 12. Qc2 Bc6 13. Rad1 Nd7 14. Bxg7 Kxg7 15. Bg4 Nf6 16. e5 Nxg4 17. hxg4 {½-½ (36) Andreikin,D (2737)-Mamedov,R (2688) Tallinn 2016}) 9. g3 Bb7 10. Bg2 Nbd7 11. O-O Rb8 {LiveBook: 3 Games} 12. Re1 a6 13. Rc1 e6 14. Qd2 $146 ({Predecessor:} 14. b3 Qc7 15. f4 Rbd8 16. Bf2 {1-0 (37) Heck,N (2252)-Kersten,U (2357) Kaufungen 2003}) 14... Qe7 15. b3 Nc5 {[%cal Rf6e4]} 16. Qc2 Rfc8 17. Qb1 h5 18. Rcd1 Qf8 (18... b5 $5) 19. Nde2 Bc6 (19... b5 $5) 20. a4 Ne8 (20... b5 $5 {[%cal Rb5c4]}) 21. Nd4 Ba8 22. Rc1 Bh6 23. Rcd1 Bg7 24. Rc1 Bh6 25. Bxh6 Qxh6 26. Rcd1 h4 27. g4 e5 28. Nde2 Ne6 29. Qc1 Qxc1 30. Nxc1 {Precision: White = 37%, Black = 65%.} 1/2-1/2

[Event "EICC 2017"]
[Site "Minsk"]
[Date "2017.06.08"]
[Round "9"]
[White "Leko, Peter"]
[Black "Sanal, Vahap"]
[Result "1-0"]
[WhiteElo "2703"]
[BlackElo "2533"]
[Annotator "TA"]
[PlyCount "113"]
[EventDate "2017.??.??"]
[EventCountry "BLR"]
[SourceTitle "playchess.com"]
[Source "ChessBase"]
[SourceQuality "1"]

{[%evp 25,113,11,32,32,29,24,22,19,32,14,38,19,31,44,40,41,51,6,51,0,51,0,33,4,88,91,87,31,74,41,45,40,41,41,40,45,45,41,43,52,51,52,51,51,70,69,80,83,86,88,117,114,137,111,145,154,169,169,169,221,216,94,241,241,241,241,229,220,207,201,177,194,259,259,253,232,240,225,447,435,472,462,893,837,29988,29989,29994,29995,29995,29996]} 1. d4 Nf6 2. c4 e6 3. Nf3 b6 4. g3 Bb7 5. Bg2 Be7 6. O-O O-O 7. Nc3 Ne4 8. Bd2 Bf6 9. Rc1 Nxd2 10. Qxd2 d6 11. d5 e5 12. e4 g6 13. h4 {[%cal Bh2h4,Bh4h5][%mdl 32]} Nd7 14. h5 {E18: Queen's Indian: Old Main Line (4 g3 Bb7 5 Bg2 Be7 6 0-0 0-0 7 Nc3)} a5 $146 ({Predecessor:} 14... Bg7 15. Nh4 Nf6 16. h6 Bh8 17. Ne2 Bc8 18. f3 Bd7 19. Nf5 Ne8 20. g4 Bf6 21. f4 exf4 22. Nxf4 gxf5 23. gxf5 {1-0 (55) Kempinski,R (2528)-Bjarnason,S (2305) ICC INT 2000}) 15. Bh3 Nc5 16. Kg2 {The position is equal.} Bg7 17. Rh1 a4 18. Rh2 Ba6 19. hxg6 hxg6 20. Qe2 $1 f5 21. Nd2 Bc8 22. Kh1 (22. Rg1 $1 $14) 22... Qf6 (22... Kf7 $11) 23. exf5 ({White should try} 23. Rg1 $1 $14) 23... gxf5 24. g4 f4 (24... fxg4 $11 {remains equal.} 25. Bxg4 Bxg4 26. Qxg4 Qf5) 25. Nde4 $16 Qg6 {[#]} 26. f3 (26. Bg2 $1 $16) 26... Nxe4 27. Nxe4 Kf7 $1 28. Bf1 Bd7 29. Qe1 Rh8 30. Rcc2 $1 Bf6 31. Bd3 {Hoping for Nxd6+!} Qg7 $1 32. Kg1 {[%cal Bh1g1,Bg1f1,Bf1e2,Be2d2,Bd2c2][%mdl 32]} Be7 33. Rcg2 Rag8 34. Qf2 Kf8 35. Kf1 Bd8 36. Ke2 Qe7 37. a3 Kg7 38. Kd2 Qe8 39. Kc2 Be7 40. Nc3 Rxh2 41. Rxh2 {aiming for Rh7+.} Rh8 42. Bf5 Bc8 43. Rxh8 (43. Bxc8 $18 Qxc8 44. Qg2 (44. Nxa4 Qa6 $16)) 43... Qxh8 {[#]} (43... Bxf5+ $16 44. gxf5 Qxh8) 44. Bxc8 $1 $18 ({Weaker is} 44. Nxa4 Bxf5+ 45. gxf5 Qh3 $11) 44... Qxc8 45. Qe2 ({Don't take} 45. Nxa4 $6 Qa6 $16) 45... Qd7 46. Kd1 Qe8 47. Qe4 Qh8 48. Nxa4 Qh2 (48... Qh1+ {might work better.} 49. Kc2 Qh4) 49. Qe2 Qg1+ 50. Kc2 Bh4 51. Nc3 Bf2 $2 (51... Be7 52. Qd3 Qg2+ 53. Kb3 Qh3) 52. Nb5 Be3 53. Nxc7 Kf6 (53... e4 $142 54. Ne6+ Kf6 55. fxe4 Ke5) 54. Qd3 {White wants to mate with Qf5+.} Qf2+ 55. Kb3 {White mates.} Qxf3 56. Qf5+ Ke7 57. Qh7+ {Precision: White = 66%, Black = 32%.} 1-0

[Event "EICC 2017"]
[Site "Minsk"]
[Date "2017.06.08"]
[Round "9"]
[White "Rodshtein, Maxim"]
[Black "Shimanov, Aleksandr"]
[Result "1/2-1/2"]
[WhiteElo "2698"]
[BlackElo "2642"]
[Annotator "TA"]
[PlyCount "26"]
[EventDate "2017.??.??"]
[EventCountry "BLR"]
[SourceTitle "playchess.com"]
[Source "ChessBase"]
[SourceQuality "1"]

{[%evp 16,26,18,13,8,-14,-10,-12,-5,-19,-16,-42,-23]} 1. d4 Nf6 2. c4 e6 3. g3 d5 4. Bg2 Be7 5. Nf3 O-O 6. O-O Nbd7 7. b3 dxc4 8. bxc4 c5 {E07: Closed Catalan: Main Line (5 Nf3 0-0 6 0-0 Nbd7)} 9. e3 {LiveBook: 3 Games} Qc7 (9... Nb6 10. Qb3 Qc7 11. Nbd2 Bd7 12. a4 Bc6 13. a5 Nbd7 14. Bb2 Rab8 15. Qc2 Rfd8 16. Rfc1 {1-0 (45) Sher,M (2510)-Teske,H (2465) Mainz 1995}) 10. Qb3 b6 11. Bb2 $146 ({Predecessor:} 11. Nc3 Bb7 12. d5 exd5 13. cxd5 c4 14. Qd1 Bb4 15. Nb5 Qc5 16. Nbd4 Nxd5 {½-½ (27) Garcia,D (2203)-Hernandez Leon,A (2059) Isla Bonita 2004}) 11... Bb7 12. a4 Rac8 13. Na3 Bc6 1/2-1/2

[Event "EICC 2017"]
[Site "Minsk"]
[Date "2017.06.08"]
[Round "9"]
[White "Tomashevsky, Evgeny"]
[Black "Salgado Lopez, Ivan"]
[Result "1/2-1/2"]
[WhiteElo "2696"]
[BlackElo "2627"]
[Annotator "TA"]
[PlyCount "30"]
[EventDate "2017.??.??"]
[EventCountry "BLR"]
[SourceTitle "playchess.com"]
[Source "ChessBase"]
[SourceQuality "1"]

{[%evp 18,30,6,0,6,6,0,0,8,0,0,6,13,-5,-6]} 1. d4 Nf6 2. c4 g6 3. Nc3 d5 4. Bg5 Ne4 5. h4 (5. Bh4 Nxc3 6. bxc3 dxc4 7. e3 Be6 8. Be2 Nd7 9. Nf3 Bg7 10. O-O Nb6 11. Qc2 O-O 12. Rfb1 Bd7 13. a4 a5 14. Bg3 Bc6 15. e4 Qd7 16. Rxb6 cxb6 {½-½ (101) Tomashevsky,E (2696)-Vachier Lagrave,M (2795) Moscow 2017}) 5... Bg7 6. e3 {D80: Grünfeld: Unusual White 4th moves and 4 Bg5} c5 7. cxd5 Nxc3 8. bxc3 Qxd5 9. Qf3 Qxf3 10. Nxf3 {LiveBook: 10 Games. The position is equal.} Bf5 $146 ({Predecessor:} 10... Nc6 11. Bb5 Bd7 12. Rb1 h6 {1-0 (47) Kovalenko,I (2668)-Marin,M (2576) Almaty 2016}) 11. Bc4 Nc6 12. O-O Rc8 13. Rac1 Na5 14. Be2 Be6 (14... f6 $5 {[%cal Rf6g5]} 15. Bf4 O-O $11) 15. e4 Bc4 1/2-1/2

[Event "EICC 2017"]
[Site "Minsk"]
[Date "2017.06.08"]
[Round "9"]
[White "Fedoseev, Vladimir"]
[Black "Saric, Ivan"]
[Result "1-0"]
[WhiteElo "2690"]
[BlackElo "2618"]
[Annotator "TA"]
[PlyCount "65"]
[EventDate "2017.??.??"]
[EventCountry "BLR"]
[SourceTitle "playchess.com"]
[Source "ChessBase"]
[SourceQuality "1"]

{[%evp 15,65,20,34,15,18,9,16,10,13,19,40,32,52,25,52,52,52,52,50,50,50,52,88,80,89,81,63,37,127,139,116,72,146,143,142,154,172,163,183,198,278,267,328,296,389,380,368,372,550,552,546,530]} 1. d4 Nf6 2. c4 g6 3. Nc3 Bg7 4. e4 d6 5. Bd3 O-O 6. Nge2 Nbd7 {[%cal Bb8d7,Bd7e5,Be5c6][%mdl 32]} 7. Bc2 a6 8. a4 {E70: King's Indian: Miscellaneous lines with 4 e4, including 5 Nge2 and 5 Bd3 0-0 6 Nge2} e5 {LiveBook: 6 Games} 9. O-O $146 ({Predecessor:} 9. d5 a5 10. h3 Nc5 11. Bg5 Qe8 12. Qd2 Bd7 13. f3 c6 14. dxc6 bxc6 15. Qxd6 Ne6 {½-½ (38) Sokolov,I (2690)-Visser,Y (2445) Leeuwarden 2004}) 9... exd4 10. Nxd4 {The position is equal.} Ne5 11. b3 $1 Nc6 12. Nde2 Nd7 13. Be3 Nb4 14. Qd2 Ne5 15. Rad1 Nxc2 16. Qxc2 b6 17. Qd2 Bb7 18. Nd5 Qd7 19. Bd4 f5 20. f4 $36 {[%mdl 2048] [#] Threatens to win with Bxe5. White is really pushing.} Ng4 21. h3 Nh6 ({Black should try} 21... Nf6 $14) 22. Bxg7 $16 Qxg7 23. Qd4 Rae8 ({Better is} 23... Qxd4+ 24. Nxd4 fxe4) 24. Qxg7+ Kxg7 25. Nxc7 Re7 26. Nd4 {[#] Nce6+ is the strong threat.} Kf7 27. Nd5 Rxe4 (27... Bxd5 {was worth a try.} 28. exd5 Ng8) 28. Nxb6 $18 Re3 29. b4 {[%cal Bb3b4,Bb4c5,Bc5c6][%mdl 32]} Rfe8 30. c5 dxc5 31. bxc5 Kg8 (31... Rc3 {might work better.} 32. Rc1 Rxc1 33. Rxc1 Ng8) 32. c6 Bc8 33. Nd5 {Precision: White = 71%, Black = 41%.} 1-0

[Event "EICC 2017"]
[Site "Minsk"]
[Date "2017.06.08"]
[Round "9"]
[White "Cheparinov, Ivan"]
[Black "Matlakov, Maxim"]
[Result "0-1"]
[WhiteElo "2688"]
[BlackElo "2714"]
[Annotator "TA"]
[PlyCount "84"]
[EventDate "2017.??.??"]
[EventCountry "BLR"]
[SourceTitle "playchess.com"]
[Source "ChessBase"]
[SourceQuality "1"]

{[%evp 18,84,13,0,0,0,9,10,39,34,39,17,22,-36,-18,-42,-26,-79,-68,-73,-63,-72,-42,-44,-43,-48,-43,-93,-85,-85,-78,-73,-39,-66,-59,-102,-105,-109,-93,-83,-75,-82,-80,-140,-110,-120,-119,-126,-137,-166,-74,-64,0,-166,-155,-263,-246,-282,-272,-241,-277,-267,-272,-399,-382,-685,-688,-29998,-29991]} 1. d4 Nf6 2. c4 e6 3. Nf3 d5 4. g3 Bb4+ 5. Bd2 Be7 6. Bg2 O-O 7. O-O Nbd7 8. a4 {E11: Bogo-Indian} a5 9. Qc2 c6 10. Na3 {LiveBook: 3 Games. The position is equal.} Ne4 11. Be3 Bd6 $146 ({Predecessor:} 11... f5 12. Ne1 g5 13. f3 Nd6 14. Nd3 Qe8 15. c5 Nf7 16. Qc3 Bf6 {½-½ (61) Hertneck,G (2572)-Bareev,E (2719) Germany 2002}) 12. Ne1 f5 13. Nd3 Qe7 14. f3 Nef6 15. Bf4 (15. Bd2 $11) 15... e5 $15 16. dxe5 Nxe5 17. Kh1 {[#]} (17. Nxe5 $11 {keeps the balance.} Bxe5 18. Bxe5 Qxe5 19. cxd5) 17... Nxd3 $1 $17 18. Bxd6 Qxd6 19. Qxd3 f4 20. gxf4 Qxf4 21. e3 Qh4 22. Qd4 Qxd4 23. exd4 Be6 24. Rfe1 Rae8 25. b3 Nh5 26. Kg1 Nf4 27. Bf1 Rf6 28. cxd5 cxd5 29. Nb5 Ref8 30. Ra2 (30. Nc7 $142) 30... Nh3+ 31. Kh1 Rxf3 32. Bg2 {[#]} Bg4 $1 33. Raa1 Nf2+ (33... h5 $19 34. Nc7 Rxb3 35. Bxd5+ Kh7) 34. Kg1 $15 Nh3+ (34... Rd3 $15 35. Bxd5+ Kh8) 35. Kh1 $19 h5 36. Re5 (36. Rf1 $17) 36... Kh7 37. Nc7 {White wants to play Ne6.} Rxb3 38. Nxd5 Rf2 39. Ne3 {intending Bxh3.} Nf4 40. Be4+ (40. Kg1 {was necessary.} Rd2 41. Bf1) 40... Kh6 41. Nxg4+ $2 (41. Ng2) 41... hxg4 42. Rg1 Rh3 {Precision: White = 45%, Black = 62%.} 0-1

[Event "EICC 2017"]
[Site "Minsk"]
[Date "2017.06.08"]
[Round "9"]
[White "Howell, David W L"]
[Black "Demchenko, Anton"]
[Result "1/2-1/2"]
[WhiteElo "2684"]
[BlackElo "2629"]
[Annotator "TA"]
[PlyCount "31"]
[EventDate "2017.??.??"]
[EventCountry "BLR"]
[SourceTitle "playchess.com"]
[Source "ChessBase"]
[SourceQuality "1"]

{[%evp 12,25,31,14,27,12,20,19,24,0,0,0,7,10,0,0]} 1. e4 {[%cal Be2e4,Be4e5][%mdl 32]} c5 2. c3 Nf6 3. e5 Nd5 4. Nf3 e6 5. d4 cxd4 6. cxd4 b6 7. Bc4 Ba6 {B22: Sicilian: 2 c3} 8. Bxa6 (8. Bxd5 exd5 9. Nc3 Bb4 10. Qb3 Bxc3+ 11. bxc3 Bc4 12. Qa3 d6 13. Qxd6 Qxd6 14. exd6 f6 15. Nd2 {½-½ (47) Bortnyk,O (2581)-Grandelius,N (2643) Doha 2016}) 8... Nxa6 9. O-O Be7 10. Nbd2 O-O {The position is equal.} 11. Ne4 Nac7 12. Bd2 f5 13. exf6 {[#]} {Predecessor:} Nxf6 $146 14. Nxf6+ gxf6 15. Ne1 Nd5 16. Nd3 {½-½ (43) Chloupek,S (2336)-Cvek,R (2512) Czechia 2007} 1/2-1/2

[Event "EICC 2017"]
[Site "Minsk"]
[Date "2017.06.08"]
[Round "9"]
[White "Movsesian, Sergei"]
[Black "Prohaszka, Peter"]
[Result "1/2-1/2"]
[WhiteElo "2680"]
[BlackElo "2596"]
[Annotator "TA"]
[PlyCount "241"]
[EventDate "2017.??.??"]
[EventCountry "BLR"]
[SourceTitle "playchess.com"]
[Source "ChessBase"]
[SourceQuality "1"]

{[%evp 11,241,4,2,9,17,17,8,14,29,24,27,22,29,4,8,7,8,4,31,22,29,36,27,16,22,11,8,10,14,7,14,15,16,18,14,8,24,19,14,21,34,21,38,40,43,38,39,41,33,31,51,37,31,27,27,35,33,25,43,46,60,50,68,68,74,13,75,68,90,82,108,74,145,152,164,148,185,143,214,221,215,199,360,114,114,55,72,0,100,83,77,79,156,145,157,151,220,220,202,205,335,335,335,219,335,0,272,165,176,119,121,141,181,181,216,202,210,180,360,360,360,335,343,335,335,335,335,335,335,335,328,328,328,292,363,363,363,343,253,245,217,164,164,164,164,164,164,164,164,164,164,164,164,164,164,164,164,164,164,164,164,164,164,164,164,0,164,164,164,164,164,0,0,0,0,0,0,0,0,0,0,0,0,0,0,0,0,0,0,0,0,0,0,0,0,0,0,0,0,0,0,0,0,0,0,0,0,0,0,0,0,0,0,0,0,0,0,0,0,0,0,0,0,0,0,0,0,0,0,0,0,0]} 1. c4 c6 2. Nf3 d5 3. g3 Bg4 4. Qb3 Qb6 5. Ne5 Be6 6. d3 {A11: English Opening: 1...c6} g6 {LiveBook: 4 Games} 7. Be3 Qxb3 8. axb3 Bg7 9. Nf3 Bxb2 10. Rxa7 Rxa7 11. Bxa7 Nd7 $146 ({Predecessor:} 11... Na6) 12. Bd4 Bxd4 13. Nxd4 Ngf6 14. Nc3 O-O 15. Bg2 Rd8 16. Kd2 Nc5 17. Nxe6 Nxe6 18. cxd5 Nxd5 19. Nxd5 cxd5 $11 {[%mdl 4096] Endgame KRB-KRN} 20. e3 Nc5 21. b4 Na6 22. b5 Nc7 23. Rc1 Nxb5 24. Rc5 Nd6 25. Bxd5 Kg7 26. Ke2 Rd7 27. Bb3 h5 28. h3 b6 29. Rc6 b5 30. Ra6 Nb7 31. Rb6 Nc5 32. Bc2 Rb7 33. Rc6 Nd7 34. d4 b4 35. Bb3 Nf6 36. Kd3 e6 37. e4 Nd7 38. f4 ({White should play} 38. h4 $16) 38... Nb8 (38... Nf6 $1 $11) 39. Rc4 Na6 40. d5 exd5 41. exd5 Nc7 (41... Kf8 $142) 42. Rc6 $16 Ne8 43. Kd4 Rd7 44. Rb6 Nd6 (44... Rd8 $16 {might work better.} 45. Rxb4 Kf6 46. Rb6+ Ke7) 45. Ke5 $1 $18 (45. Rxb4 $6 Nf5+ 46. Kc5 Rc7+ 47. Kb6 Rc3 $16) 45... Nf5 46. d6 Nxg3 $2 {[#]} (46... Rd8 47. g4 (47. Rxb4 f6+ 48. Kd5 Rxd6+ 49. Kc5 Rd3 $11) 47... hxg4 48. hxg4 Ne3) 47. Bc2 $2 (47. Rxb4 Nf5 $16) (47. Ba4 $1 $18 {[%cal Ra4d7] is the precise move to win.} Rd8 48. Rxb4) 47... Ra7 $16 48. Rb5 (48. Rxb4 Ra5+ 49. Kd4 Kf6) (48. Bd3 $16) 48... h4 $14 49. Rd5 ({Much worse is} 49. Rxb4 Ra5+ 50. Kd4 Kf6 $11) (49. Bd3 $16) 49... Rd7 (49... f6+ $11 {keeps the balance.} 50. Kd4 Ne2+ 51. Ke3 Nc3) 50. Ba4 {[%mdl 1024] White has strong compensation.} Rd8 51. d7 Nh5 (51... Nf5 $142) 52. Rd4 $16 Nf6 {[#]} 53. Kd6 $1 {[%cal Rd6e7]} b3 (53... Nxd7 $16 {is a better defense.} 54. Bxd7 Rb8) 54. Rb4 $18 Nxd7 55. Bxd7 {KRB-KR} Kf6 (55... Ra8 $142 56. Rxb3 Ra7) 56. Rxb3 Ra8 57. Kd5 Rd8 (57... Ra7 {was necessary.}) 58. Kd6 Ra8 59. Rd3 Ra5 60. Kc6 ({White should try} 60. Rf3 $18) 60... Ra4 $16 61. Rf3 Ra1 62. Bg4 Rg1 63. Kd5 Rg3 {intending ...Rxf3.} 64. Rf2 Kg7 $2 (64... Ra3 {was worth a try.} 65. Rc2 Ra5+ 66. Ke4 Ra4+ 67. Ke3 Ra3+ 68. Ke4 Ra4+ 69. Ke3 Ra3+ 70. Kd4 Ra4+ 71. Ke3) 65. f5 $18 Kh6 66. Ke4 Kg5 67. fxg6 fxg6 68. Rd2 Rg1 69. Rd5+ Kh6 70. Kf4 Rg2 71. Rd8 Ra2 72. Bf3 Ra3 73. Rd4 Ra1 74. Ke3 Ra3+ 75. Kf2 g5 76. Bg4 Rg3 77. Rd6+ Kg7 78. Ra6 Kf7 79. Be6+ Ke7 80. Rb6 Kf6 81. Ke2 Kg6 82. Bg4+ Kf7 83. Rb1 Kf6 84. Rf1+ Kg7 85. Rh1 Kf6 86. Kf2 Kg6 87. Bf3 Kf6 88. Bg4 Kg6 $1 89. Re1 Kf6 90. Re6+ Kf7 {Black wants to play ...Rxg4.} 91. Re3 $2 (91. Re5 $18 Kg6 92. Re6+ Kg7 93. Bf5) 91... Rxe3 $11 {The position is equal.} 92. Kxe3 {KB-KPP} Ke7 93. Ke4 Kd6 94. Kf5 Kd5 95. Bf3+ ({Weaker is} 95. Kxg5 Kd6 $18) 95... Kd6 96. Kf6 ({Less strong is} 96. Kxg5 Ke7 $18) 96... Kc5 97. Ke5 Kc4 98. Bc6 Kc5 99. Bd5 Kb6 100. Kd6 {Bc4 is the strong threat.} Kb5 101. Bf7 Kb4 102. Kd5 Kb5 103. Be8+ Kb4 104. Kd4 Kb3 105. Bf7+ $1 Kb4 106. Bc4 Ka4 107. Kc5 Ka3 108. Bg8 Ka4 109. Bf7 {And now Bh5 would win.} Ka5 110. Be8 {Threatening mate with Bb5.} Ka6 111. Bc6 {Black must now prevent Bf3.} Ka7 112. Bd5 {Hoping for Be4.} Ka6 113. Bf3 {Threatens to win with Kd6.} Ka5 114. Be2 Ka4 115. Bc4 Ka3 116. Kb5 Kb2 117. Kb4 {White threatens Bb3 and mate.} Kc2 118. Ba6 {aiming for Kc5.} Kd2 119. Kc4 Ke3 120. Bc8 {Strongly threatening Bg4.} g4 121. Bxg4 {Precision: White = 72%, Black = 58%.} 1/2-1/2

[Event "EICC 2017"]
[Site "Minsk"]
[Date "2017.06.08"]
[Round "9"]
[White "Areshchenko, Alexander"]
[Black "Hracek, Zbynek"]
[Result "1-0"]
[WhiteElo "2677"]
[BlackElo "2612"]
[Annotator "TA"]
[PlyCount "73"]
[EventDate "2017.??.??"]
[EventCountry "BLR"]
[SourceTitle "playchess.com"]
[Source "ChessBase"]
[SourceQuality "1"]

{[%evp 13,73,13,20,2,20,8,5,4,29,24,16,27,34,24,23,25,31,36,25,23,30,0,0,0,0,0,0,0,57,46,80,80,80,80,80,56,81,72,80,80,88,83,91,89,89,81,93,64,65,65,73,70,94,56,66,66,70,54,321,311,717,705]} 1. e4 e5 2. Nf3 Nc6 3. Bc4 Nf6 4. d3 Be7 5. O-O O-O 6. h3 d6 7. a3 {C55: Two Knights: 4 d3, 4 d4 exd4 5 e5 and Max Lange Attack} Be6 {LiveBook: 7 Games} 8. Re1 a5 $146 ({Predecessor:} 8... Qd7 9. Bxe6 Qxe6 10. c4 h6 11. Nc3 Nh7 12. b4 Ng5 13. Nxg5 Bxg5 14. Bxg5 hxg5 15. Nd5 Rfc8 16. Rb1 {½-½ (16) Areshchenko,A (2677)-Stevic,H (2600) Chartres 2017}) 9. Nc3 {The position is equal.} Bxc4 10. dxc4 Nb8 11. c5 Nbd7 12. cxd6 Bxd6 13. Bg5 Be7 14. Re3 Re8 15. Rd3 {Black must now prevent Bxf6.} Qc8 16. Bxf6 Nxf6 17. Nxe5 Qe6 18. Nf3 {e5 is the strong threat.} Nxe4 19. Nxe4 Qxe4 20. Re3 $36 {[%mdl 2048] Black is under pressure.} Qa4 ({Black should play} 20... Qc6 $11) 21. Qd5 $1 $14 Bf6 {[#]} 22. b3 $1 {[%cal Rb3a4]} Qc6 23. Qxc6 bxc6 24. Rxe8+ Rxe8 $16 {[%mdl 4096] Endgame KRB-KRN} 25. Re1 {[%cal Re1e8]} Rd8 26. Kf1 a4 27. bxa4 Kf8 28. Re4 Rd1+ 29. Ke2 Ra1 30. Nd2 Rxa3 31. Nb3 h5 32. Kd2 h4 33. Rc4 Ke7 34. Rxc6 Kd7 35. Ra6 Be7 $2 {[%mdl 8192]} (35... Be5 $14) 36. Kc1 $18 Bf6 $2 {[#]} (36... Bb4 37. Kb2 c5) 37. Rxf6 $1 {[%mdl 512] Precision: White = 74%, Black = 49%.} 1-0

[Event "EICC 2017"]
[Site "Minsk"]
[Date "2017.06.08"]
[Round "9"]
[White "Rakhmanov, Aleksandr"]
[Black "Predke, Alexandr"]
[Result "1-0"]
[WhiteElo "2676"]
[BlackElo "2566"]
[Annotator "TA"]
[PlyCount "91"]
[EventDate "2017.??.??"]
[EventCountry "BLR"]
[SourceTitle "playchess.com"]
[Source "ChessBase"]
[SourceQuality "1"]

{[%evp 15,91,-12,10,8,12,-12,0,-19,0,-22,-23,-24,-19,-12,-6,-37,0,-13,0,-11,-9,-6,97,99,97,102,122,114,159,108,110,93,110,115,110,77,103,112,135,139,176,195,186,180,218,210,258,252,247,216,237,217,214,221,266,194,220,203,185,155,171,187,289,264,271,272,329,311,343,337,515,515,680,680,680,647,647,610]} 1. d4 Nf6 2. c4 e6 3. Nc3 Bb4 4. e3 O-O 5. Bd3 d5 6. cxd5 exd5 7. Nge2 Re8 8. O-O Bf8 9. Bd2 {E48: Nimzo-Indian: Rubinstein: 5 Bd3 d5 including 6 Ne2, but excluding 6 a3} b6 10. a3 $146 ({Predecessor:} 10. Nf4 Bb7 11. Qf3 a6 12. Rad1 Ra7 13. Bc2 c5 14. dxc5 bxc5 15. Qh3 g6 16. Nce2 Bc6 {0-1 (37) Navara,D (2735)-Inarkiev,E (2686) Gjakova 2016}) 10... c5 11. Rc1 {The position is equal.} Ba6 12. Bb1 Nc6 13. Re1 Qd7 14. Bc2 Rab8 15. h3 g6 16. Ba4 b5 17. Bc2 c4 18. Nf4 Bc8 (18... Bg7 $11) 19. Qf3 $16 Ne7 20. Nxg6 $1 hxg6 21. Qxf6 a5 22. Ra1 ({Better is} 22. e4) 22... Qb7 23. Qf3 b4 24. axb4 axb4 25. Na4 Nf5 26. Nc5 Qc7 27. Qxd5 {Threatens to win with Bxf5.} Bxc5 28. Qxc5 ({Not} 28. dxc5 $2 Rd8 $17) 28... Qxc5 29. dxc5 c3 30. bxc3 Rd8 31. Bc1 ({Weaker is} 31. cxb4 Rxd2 32. Bxf5 Bxf5 $11) 31... b3 32. Rb1 Be6 33. Bd1 Ne7 34. e4 Rd3 35. Bb2 Nc6 36. Be2 Rd2 37. Bc1 Rc2 38. Bf4 Rb7 (38... Rc8 $142 39. Ba6 Rd8) 39. Ba6 $18 Ra7 40. Bb5 Na5 41. Red1 f6 42. c6 {[%cal Bc5c6,Bc6c7][%mdl 32]} Kf7 (42... Rxc3 {was called for.} 43. Bb8 Rf7) 43. c7 {White is clearly winning.} g5 44. Bd7 Rxc3 45. Bxe6+ Kxe6 46. Rdc1 {Precision: White = 62%, Black = 50%.} 1-0